000 00503nam a22001337a 4500
040 _cNUST
082 _a200 THE
100 _aSaad
_989023
110 _aSupervisor Dr. Sajid Gul Khawaja Co-Supervisor Dr. Muhammad Usman Akram
_989024
245 _aTH-SOF-1964-Segmentation and Localization of Anatomical Structures in Chest X-Ray Images using Advance Deep Learning Architectures
260 _aISLAMABAD:
_bNUST COLLEGE OF EME,
_c2022.
650 _aMS-COMPUTER ENGINEERING-18
_989025
942 _2ddc
_cTHE
999 _c587843
_d587843